Language and culture / (رقم التسجيلة. 35492)
[ عرض عادي ]
| 000 -الفاتح | |
|---|---|
| حقل البيانات ثابتة الطول | 01011cam a2200325 a 4500 |
| 001 - رقم الضبط | |
| رقم الضبط | 2159298 |
| 003 - محدد رقم الضبط | |
| رقم الضبط | OSt |
| 005 - وقت وتاريخ اخر تعامل مع التسجيلة | |
| رقم الضبط | 20151122114031.0 |
| 008 - عناصر البيانات ثابتة الطول - معلومات عامة | |
| حقل البيانات ثابتة الطول | 990204s1998 enk b 000 0 eng c |
| 010 ## - رقم ضبط مكتبة الكونجرس | |
| رقم ضبط مكتبة الكونجرس | 99169749 |
| 020 ## - الرقم الدولى المعيارى للكتب | |
| الرقم الدولى المعيارى للكتاب | 0194372146 |
| 020 ## - الرقم الدولى المعيارى للكتب | |
| الرقم الدولى المعيارى للكتاب | 9780194372145 |
| 040 ## - مصدر الفهرسة | |
| وكالة الفهرسة الأصلية | CU |
| وكالة النسخ | CU |
| وكالة التعديل | DLC |
| 042 ## - رمز التحقق | |
| رمز التحقق | pcc |
| 050 14 - رقم طلب مكتبة الكونجرس | |
| رقم التصنيف | P35 |
| رقم المادة | .K73 1998 |
| 082 ## - رقم تصنيف ديوى العشرى | |
| رقم الطبعة | 22 |
| رقم التصنيف | 425 |
| رقم المادة | KCL |
| 100 1# - المدخل الرئيسى - إسم شخصى | |
| الإسم الشخصى | Kramsch, Claire J. |
| 9 (RLIN) | 46075 |
| 245 10 - بيان العنوان | |
| العنوان | Language and culture / |
| بيان المسئوليه,etc | Claire Kramsch. |
| 260 ## - PUBLICATION, DISTRIBUTION, ETC. (IMPRINT) | |
| مكان الناشر او الموزع | Oxford, OX : |
| اسم الناشر او الموزع | Oxford University Press, |
| تاريخ النشر أو التوزيع | 1998. |
| 300 ## - الوصف المادى | |
| التعداد | x, 134 p. ; |
| أبعاد الوعاء | 20 cm. |
| 440 #0 - بيان السلسلة/مدخل إضافى-العنوان | |
| العنوان | Oxford introductions to language study |
| 9 (RLIN) | 46072 |
| 504 ## - تبصرة ببليوجرافية | |
| تبصرة ببليوجرافية,الخ | Includes bibliographical references. |
| 650 #0 - المدخل الاضافى بالموضوع-مصطلح موضوعى | |
| مصطلح موضوعي أو اسم جغرافي كعنصر مدخل | Language and culture. |
| 9 (RLIN) | 48058 |
| 650 #0 - المدخل الاضافى بالموضوع-مصطلح موضوعى | |
| مصطلح موضوعي أو اسم جغرافي كعنصر مدخل | Semantics. |
| 9 (RLIN) | 48059 |
| 650 #0 - المدخل الاضافى بالموضوع-مصطلح موضوعى | |
| مصطلح موضوعي أو اسم جغرافي كعنصر مدخل | Sociolinguistics. |
| 9 (RLIN) | 48060 |
| 856 42 - الوصول و الموقع الالكترونى | |
| مواد محددة | Publisher description |
| معرف المصدر الموحد | <a href="http://www.loc.gov/catdir/enhancements/fy1004/99169749-d.html">http://www.loc.gov/catdir/enhancements/fy1004/99169749-d.html</a> |
| 906 ## - عنصر بيانات محلى F, LDF (RLIN) | |
| a | 7 |
| b | cbc |
| c | pccunad |
| d | u |
| e | ncip |
| f | 19 |
| g | y-gencatlg |
| 942 ## - عناصر المدخل الإضافي( كوها) | |
| مصدر التصنيف او مخطط الترفيف | Dewey Decimal Classification |
| Koha [default] item type | كتاب |
| حالة الفقد | نموذج السعر الفعال | حالة تلف | ليس للاعارة | رقم الطلب | تاريخ الاكتساب | الموقع الحالي | الباركود | الفرع الرئيسي | Date last seen | نوع المادة فى نظام كوها | مصدر التصنيف او خطة الترفيف | Total Checkouts | Date last checked out | رقم النسخة | مصدر التزويد |
|---|---|---|---|---|---|---|---|---|---|---|---|---|---|---|---|
| 2014-07-08 | 425 KCL | 2014-07-08 | المكتبة المركزية بالمجمعة (CL) | 00652828 | المكتبة المركزية بالمجمعة (CL) | 2014-07-08 | كتاب | Dewey Decimal Classification | |||||||
| 2014-07-08 | 425 KCL | 2014-07-08 | المكتبة المركزية بالمجمعة (CL) | 00652829 | المكتبة المركزية بالمجمعة (CL) | 2014-07-08 | كتاب | Dewey Decimal Classification | |||||||
| 2014-07-08 | 425 KCL | 2014-07-08 | المكتبة المركزية بالمجمعة (CL) | 00652830 | المكتبة المركزية بالمجمعة (CL) | 2014-07-08 | كتاب | Dewey Decimal Classification | |||||||
| 2014-07-08 | 425 KCL | 2014-07-08 | المكتبة المركزية بالمجمعة (CL) | 00652831 | مكتبة مجمع الكليات بالزلفى - طلاب (SZM) | 2024-09-12 | كتاب | Dewey Decimal Classification | 1 | 2024-08-27 | |||||
| 2015-07-04 | Not For Loan | 425 KCL | 2015-07-04 | قسم الاجراءات الفنية (IC) | 00212003 | قسم الاجراءات الفنية (IC) | 2018-03-22 | كتاب | Dewey Decimal Classification | 1 | 2018-03-19 | arab | |||
| 2014-07-08 | 425 KCL | 2014-07-08 | مكتبة كلية التربية بالزلفى - طالبات (EZF) | 00652832 | مكتبة مجمع الكليات بالزلفى - طلاب (SZM) | 2018-05-09 | كتاب | Dewey Decimal Classification | 1 | 2018-03-21 | |||||
| 2015-07-04 | Not For Loan | 425 KCL | 2015-07-04 | مكتبة كلية العلوم و الدراسات الإنسانية برماح - طالبات (SRF) | 00212000 | مكتبة كلية العلوم و الدراسات الإنسانية برماح - طالبات (SRF) | 2021-11-16 | كتاب | Dewey Decimal Classification | 1 | 2021-11-11 | 1 | arab | ||
| 2015-07-04 | 425 KCL | 2015-07-04 | مكتبة كلية العلوم و الدراسات الإنسانية برماح - طالبات (SRF) | 00212001 | مكتبة كلية العلوم و الدراسات الإنسانية برماح - طالبات (SRF) | 2015-07-04 | كتاب | Dewey Decimal Classification | 2 | arab | |||||
| 2015-07-04 | Not For Loan | 425 KCL | 2015-07-04 | مكتبة كلية العلوم و الدراسات الإنسانية برماح - طلاب (SRM) | 00212002 | مكتبة كلية العلوم و الدراسات الإنسانية برماح - طلاب (SRM) | 2015-07-04 | كتاب | Dewey Decimal Classification | 1 | arab | ||||
| 2015-07-04 | 425 KCL | 2015-07-04 | مكتبة كلية العلوم و الدراسات الإنسانية برماح - طلاب (SRM) | 00212004 | مكتبة كلية العلوم و الدراسات الإنسانية برماح - طلاب (SRM) | 2015-07-04 | كتاب | Dewey Decimal Classification | 2 | arab |
